|
|
|
|
| LEADER |
01674nam a2200385 i 4500 |
| 001 |
34427 |
| 003 |
BD-DhAAL |
| 005 |
20211129105302.0 |
| 008 |
190328t2018 enk b 001 0 eng |
| 999 |
|
|
|c 40564
|d 40564
|
| 010 |
|
|
|a 2017050235
|
| 020 |
|
|
|a 9781472483560 (hardback : alk. paper)
|
| 040 |
|
|
|a DLC
|b eng
|c DLC
|e rda
|d DLC
|d BD-DhAAL
|
| 042 |
|
|
|a pcc
|
| 050 |
0 |
0 |
|a HD6072.5
|b .C66 2018
|
| 082 |
0 |
0 |
|a 338.04082
|2 23
|
| 245 |
0 |
0 |
|a Contextual embeddedness of women's entrepreneurship :
|b going beyond a gender-neutral approach /
|c edited by Shumaila Yousafzai, Adam Lindgreen, Saadat Saeed, Colette Henry and Alain Fayolle
|
| 260 |
|
|
|a London ;
|a New York :
|b Routledge, Taylor & Francis Group,
|c c2018.
|
| 300 |
|
|
|a xxviii, 301 pages ;
|c 25 cm
|
| 504 |
|
|
|a Includes bibliographical references and index.
|
| 526 |
|
|
|a BBS
|
| 541 |
|
|
|a Parama
|e 34427
|
| 650 |
|
0 |
|a Businesswomen.
|9 30736
|
| 650 |
|
0 |
|a Women-owned business enterprises.
|9 30737
|
| 650 |
|
0 |
|a Entrepreneurship.
|9 30738
|
| 650 |
|
0 |
|a Business & finance.
|9 43316
|
| 700 |
1 |
|
|a Yousafzai, Shumaila Y.
|q (Shumaila Yakub)
|9 30739
|
| 700 |
1 |
|
|a Lindgreen, Adam
|9 30740
|
| 700 |
1 |
|
|a Saeed, Saadat
|9 30741
|
| 700 |
1 |
|
|a Henry, Colette
|9 30742
|
| 700 |
1 |
|
|a Fayolle, Alain
|9 30743
|
| 776 |
0 |
8 |
|i Online version:
|t Contextual embeddedness of women's entrepreneurship
|d Abingdon, Oxon ; New York, NY : Routledge, 2018
|z 9781315574042
|w (DLC) 2017053548
|
| 852 |
|
|
|a Ayesha Abed Library
|c General Stacks
|
| 942 |
|
|
|2 ddc
|c BK
|
| 952 |
|
|
|0 0
|1 0
|2 ddc
|4 0
|6 338_040820000000000_CON
|7 0
|9 65185
|a BRACUL
|b BRACUL
|c GEN
|d 2019-02-26
|e Parama
|g 6745.00
|l 2
|m 7
|o 338.04082 CON
|p 3010034427
|r 2023-05-21
|s 2023-01-19
|t 1
|v 6745.00
|w 2019-02-26
|y BK
|